00654nam a2200193Ia 4500003000900000008004100009020001800050040001600068080001700084245009200101260003600193300001000229650004100239650002700280700002900307942000700336999001500343952010200358IN-BaIIA211028s9999 xx 000 0 eng d a0-7011-2314-1 cIIA Library a52(091)bINS 0aIn search of ancient astronomiescedited by Krupp E. C  aLondonbChatto and Windusc1979 a277p. aAstronomy and astrophysics thesaurus aAstronomy-History9900 aKrupp, E. C., ed.912414 cBK c7256d7256 00104070aBANbBANcGENd1982-12-23l0o52(091)/ INSp8057r2021-11-05w1982-12-23yBKG£ 8.95